El Periodismo en El Salvador
Gorde:
| Egile nagusia: | |
|---|---|
| Formatua: | Texto |
| Argitaratua: |
San Salvador:
Universidad Centroamericana José Simeón Cañas
|
| Etiketak: |
Etiketa erantsi
Etiketarik gabe, Izan zaitez lehena erregistro honi etiketa jartzen!
|
MARC
| LEADER | 00000 a a2200000 04500 | ||
|---|---|---|---|
| 001 | 20808 | ||
| 003 | |||
| 040 | |||
| 090 | |a 088900 | ||
| 100 | |a López Vallecillos, Italo | ||
| 245 | |a El Periodismo en El Salvador | ||
| 260 | |a San Salvador: |b Universidad Centroamericana José Simeón Cañas | ||
| 300 | |a 478 p. | ||
| 999 | |c 16241 |d 16241 | ||
